000
00257nam a2200097Ia 4500
001
724355
005
20250826163348.0
008
250824s9999 xx 000 0 und d
245
0
_a
NEREDEN NEREYE KEŞİFLER
_c
ANNA CLAYBOURNE
260
_b
GENÇ TİMAŞ YAYINLARI
999
_c
724355
_d
724355